| 000 | 00523nam a2200193 i 4500 | ||
|---|---|---|---|
| 001 | 9923 | ||
| 003 | ES-MaACL | ||
| 005 | 20230906145802.0 | ||
| 007 | t| | ||
| 008 | 940518s1987 xxu ||||1| eng d | ||
| 020 | _a0-394-55647-X | ||
| 080 | _a82.0(73)(Capote,T.3.01) | ||
| 080 | _a82.0(73)-32"19"(082.2) | ||
| 100 | 1 |
_aCapote, Truman. _934884 |
|
| 245 | 1 | 2 |
_aA Capote reader / _cTruman Capote. |
| 260 |
_aNew York : _bRandom House, _c1987. |
||
| 300 |
_aVIII, 722 p. ; _c24 cm. |
||
| 852 |
_aES-MaACL _jL-17400 _bR.122312 |
||
| 999 |
_c9923 _d9923 |
||